|
|
|
|
| LEADER |
02376nam a22004333i 4500 |
| 001 |
EBC6955973 |
| 003 |
MiAaPQ |
| 005 |
20231204023223.0 |
| 006 |
m o d | |
| 007 |
cr cnu|||||||| |
| 008 |
231204s2019 xx o ||||0 ger d |
| 020 |
|
|
|a 9783839441459
|q (electronic bk.)
|
| 020 |
|
|
|z 9783837641455
|
| 035 |
|
|
|a (MiAaPQ)EBC6955973
|
| 035 |
|
|
|a (Au-PeEL)EBL6955973
|
| 035 |
|
|
|a (OCoLC)1100435703
|
| 040 |
|
|
|a MiAaPQ
|b eng
|e rda
|e pn
|c MiAaPQ
|d MiAaPQ
|
| 100 |
1 |
|
|a Baile, Mohamed Wa.
|
| 245 |
1 |
0 |
|a Racial Profiling :
|b Struktureller Rassismus und antirassistischer Widerstand.
|
| 250 |
|
|
|a 1st ed.
|
| 264 |
|
1 |
|a Bielefeld :
|b transcript,
|c 2019.
|
| 264 |
|
4 |
|c ©2019.
|
| 300 |
|
|
|a 1 online resource (337 pages)
|
| 336 |
|
|
|a text
|b txt
|2 rdacontent
|
| 337 |
|
|
|a computer
|b c
|2 rdamedia
|
| 338 |
|
|
|a online resource
|b cr
|2 rdacarrier
|
| 490 |
1 |
|
|a Postcolonial Studies
|
| 505 |
0 |
|
|a Cover -- Inhalt -- Racial Profiling und antirassistischer Widerstand -- Dein Gesetz -- Von der »Zigeunerkartei« zu den »Schweizermachern« bis Racial Profiling -- Hautverdächtig -- Racial Profiling und die Tabuisierung von »Rasse« -- Neuanfänge -- Handwerksgeschichten -- Die Kontrolle der »Anderen« -- Profiling und Rassismus im Kontext Sexarbeit -- Zugfahren -- Spatial Racial Profiling -- »Zigeunerpolitik« reloaded -- Race matters -- Helvetzid -- Ethnographischer Bericht zum Prozess gegen M. -- Mit Recht gegen Rassismus im Recht -- Autonome Schule Zürich -- Ich vermisse die Rassisten der Vergangenheit -- Herzwerk -- so ein gefühl -- Alltagsrassismus, staatliche Gewalt und koloniale Tradition -- Über die Autor*innen.
|
| 588 |
|
|
|a Description based on publisher supplied metadata and other sources.
|
| 590 |
|
|
|a Electronic reproduction. Ann Arbor, Michigan : ProQuest Ebook Central, 2023. Available via World Wide Web. Access may be limited to ProQuest Ebook Central affiliated libraries.
|
| 655 |
|
4 |
|a Electronic books.
|
| 700 |
1 |
|
|a Dankwa, Serena O.
|
| 700 |
1 |
|
|a Naguib, Tarek.
|
| 700 |
1 |
|
|a Purtschert, Patricia.
|
| 700 |
1 |
|
|a Schilliger, Sarah.
|
| 776 |
0 |
8 |
|i Print version:
|a Baile, Mohamed Wa
|t Racial Profiling
|d Bielefeld : transcript,c2019
|z 9783837641455
|
| 797 |
2 |
|
|a ProQuest (Firm)
|
| 830 |
|
0 |
|a Postcolonial Studies
|
| 856 |
4 |
0 |
|u https://ebookcentral.proquest.com/lib/matrademy/detail.action?docID=6955973
|z Click to View
|